| 000 | nam a22 7a 4500 | ||
|---|---|---|---|
| 999 |
_c232579 _d232579 |
||
| 003 | Nust | ||
| 005 | 20170221101633.0 | ||
| 008 | 170221b xxu||||| |||| 00| 0 eng d | ||
| 020 | _a9788184082234 | ||
| 040 | _cNust | ||
| 082 |
_a823 _bHEN |
||
| 100 | _aHenry, O. | ||
| 245 |
_aSelected stories / _cby O. Henry |
||
| 260 |
_aNew Delhi: _bIndiana _c2007 |
||
| 300 | _a433 p. | ||
| 650 | _aStories | ||
| 942 |
_2ddc _cBK |
||